[Event "DVM U14 2010"]
[Site "Magdeburg GER"]
[Date "2010.12.28"]
[Round "4"]
[White "Teich, Thomas"]
[Black "Finke, Maurice"]
[Result "0-1"]
[Termination "normal"]
[Board "6.2"]
[WhiteElo "1629"]
[BlackElo "1738"]
[WhiteTeam "USV TU Dresden"]
[BlackTeam "SK Wildeshausen"]
[PlyCount "104"]
[BlackFideId "12909580"]
[EventCountry "GER"]
[EventRounds "7"]
[EventType "team-swiss"]
[EventDate "2010.12.26"]

1. e4 c5 2. Nf3 e6 3. d3 Nc6 4. g3 d6 5. Bg2 Bd7 6. O-O Be7 7. c3 Nf6 8. Re1
O-O 9. d4 d5 10. e5 Ne4 11. Nbd2 cxd4 12. Nxe4 dxe4 13. Nxd4 Nxe5 14. Bxe4 Qc7
15. Bxb7 Qxb7 16. Rxe5 Rfd8 17. Qf3 Qb6 18. Re2 Bf6 19. Be3 e5 20. Nb3 Qb5 21.
Rd2 Bc6 22. Qe2 Qb7 23. Nc5 Rxd2 24. Qxd2 Qc7 25. Qe2 Be7 26. b4 Bxc5 27. Bxc5
a6 28. Re1 f6 29. Qc4+ Kh8 30. Qg4 Bb7 31. f3 Qc6 32. Kf2 Rd8 33. Re2 g6 34.
Qe4 Qd7 35. Qc2 Qh3 36. Kg1 Bxf3 37. Be7 Bxe2 38. Bxf6+ Kg8 39. Qxe2 Rf8 40.
Qc4+ Rf7 41. Qxa6 Qd7 42. Bxe5 Qd1+ 43. Kg2 Qf3+ 44. Kg1 Qe3+ 45. Kh1 Qxe5 46.
Qc8+ Kg7 47. Qc4 Qe1+ 48. Kg2 Qf2+ 49. Kh3 Qf1+ 50. Qxf1 Rxf1 51. Kg4 Rf2 52.
a4 Rc2 0-1

[Event "DVM U14 2010"]
[Site "Magdeburg GER"]
[Date "2010.12.28"]
[Round "4"]
[White "Duchow, Julien"]
[Black "Thamm, Merlin Jannes"]
[Result "0-1"]
[Termination "normal"]
[Board "6.3"]
[WhiteElo "1568"]
[BlackElo "1735"]
[WhiteTeam "SK Wildeshausen"]
[BlackTeam "USV TU Dresden"]
[PlyCount "134"]
[BlackFideId "24695564"]
[EventCountry "GER"]
[EventRounds "7"]
[EventType "team-swiss"]
[EventDate "2010.12.26"]

1. e4 c6 2. Nf3 d5 3. Nc3 Bg4 4. h3 Bh5 5. exd5 cxd5 6. d4 e6 7. a3 Nc6 8. Be3
Nf6 9. Be2 Bg6 10. Bf4 Be7 11. O-O O-O 12. Ne5 Rc8 13. Nxg6 hxg6 14. Qd3 Qb6
15. Rfd1 Na5 16. Qb5 Qxb5 17. Bxb5 a6 18. Bd3 Nc4 19. Bxc4 Rxc4 20. Rd2 Rfc8
21. Kf1 b5 22. Rd3 Kf8 23. Ke1 Ke8 24. Kd1 Kd7 25. Rd2 Bf8 26. Kc1 Be7 27. Kd1
Bd8 28. Rd3 Ba5 29. Bd2 Bxc3 30. Bxc3 Ne4 31. Ke1 Nxc3 32. Rxc3 Rxd4 33. Rxc8
Kxc8 34. Ke2 Kd7 35. Ke3 Rc4 36. Kd3 Kd6 37. Re1 e5 38. c3 Rf4 39. Re2 Rh4 40.
Re3 f5 41. Rg3 Rh6 42. f3 Ke6 43. b3 f4 44. Rg4 Kf5 45. c4 e4+ 46. fxe4+ dxe4+
47. Kd2 bxc4 48. bxc4 g5 49. c5 Rc6 50. g3 g6 51. gxf4 gxf4 52. Rh4 Rxc5 53.
Rh8 Ra5 54. Rf8+ Kg5 55. Re8 e3+ 56. Ke2 Rxa3 57. Re5+ Kf6 58. Rd5 g5 59. Rd8
a5 60. Rf8+ Kg7 61. Rf5 Kg6 62. Rf8 a4 63. h4 Ra2+ 64. Ke1 a3 65. hxg5 Kxg5 66.
Ra8 Kg4 67. Ra7 Kf3 0-1

[Event "DVM U14 2010"]
[Site "Magdeburg GER"]
[Date "2010.12.28"]
[Round "4"]
[White "Schulte, Heiko"]
[Black "Stukenborg, Rudi"]
[Result "1-0"]
[Termination "normal"]
[Board "6.4"]
[WhiteElo "1387"]
[BlackElo "1405"]
[WhiteTeam "USV TU Dresden"]
[BlackTeam "SK Wildeshausen"]
[PlyCount "61"]
[BlackFideId "1270497"]
[EventCountry "GER"]
[EventRounds "7"]
[EventType "team-swiss"]
[EventDate "2010.12.26"]

1. e4 e5 2. Nf3 Nc6 3. Bb5 Nf6 4. O-O d6 5. h3 Be7 6. Re1 O-O 7. c3 a6 8. Ba4
b5 9. Bb3 Bb7 10. d4 exd4 11. cxd4 Na5 12. Bc2 c5 13. d5 Qd7 14. Be3 Nc4 15.
Bc1 Nb6 16. Nbd2 Bd8 17. Nf1 Nc8 18. Ng3 Ne7 19. Nh4 Ng6 20. Nhf5 h6 21. b3 Ne5
22. Bb2 Re8 23. Qd2 Rc8 24. Nxh6+ gxh6 25. Nf5 Be7 26. Qxh6 Bf8 27. Qxf6 Qd8
28. Nh6+ Bxh6 29. Qxh6 f6 30. f4 Nf7 31. Qg6+ 1-0

[Event "DVM U14 2010"]
[Site "Magdeburg GER"]
[Date "2010.12.28"]
[Round "4"]
[White "Buchberger, Sascha"]
[Black "Simanowski, Mio"]
[Result "0-1"]
[Termination "normal"]
[Board "7.1"]
[WhiteElo "1784"]
[BlackElo "1859"]
[WhiteTeam "SK Kriegshaber"]
[BlackTeam "SV Mülheim Nord"]
[PlyCount "59"]
[WhiteFideId "24690180"]
[BlackFideId "24687154"]
[EventCountry "GER"]
[EventRounds "7"]
[EventType "team-swiss"]
[EventDate "2010.12.26"]

1. e4 e5 2. Nf3 Nc6 3. Bc4 Bc5 4. b4 Bxb4 5. c3 Ba5 6. d4 exd4 7. O-O Nge7 8.
cxd4 Ng6 9. Bb2 d6 10. Nc3 O-O 11. Qb3 Bb6 12. Rfd1 Bg4 13. Nd5 Na5 14. Qc3
Nxc4 15. Qxc4 Nh4 16. Rd3 Nxf3+ 17. gxf3 Be6 18. Qc1 Bxd5 19. exd5 Qf6 20. Kh1
Rae8 21. a4 a5 22. Qd1 Qf5 23. Qb3 Re2 24. Rf1 Rxb2 25. Qxb2 Qxd3 26. Rg1 Qxf3+
27. Rg2 Qxd5 28. Qc1 Re8 29. h3 Bxd4 30. Qxc7 0-1

[Event "DVM U14 2010"]
[Site "Magdeburg GER"]
[Date "2010.12.28"]
[Round "4"]
[White "Stoer, Nathan"]
[Black "Baiter, Christoph"]
[Result "1-0"]
[Termination "normal"]
[Board "7.2"]
[WhiteElo "1589"]
[BlackElo "1487"]
[WhiteTeam "SV Mülheim Nord"]
[BlackTeam "SK Kriegshaber"]
[PlyCount "73"]
[WhiteFideId "1271569"]
[EventCountry "GER"]
[EventRounds "7"]
[EventType "team-swiss"]
[EventDate "2010.12.26"]

1. Nf3 d5 2. b3 c5 3. e3 Nc6 4. Bb2 Nf6 5. d4 e6 6. c4 cxd4 7. Nxd4 Nxd4 8.
Qxd4 Qa5+ 9. Nc3 Be7 10. cxd5 exd5 11. Bb5+ Kf8 12. O-O Be6 13. Rac1 a6 14. Be2
Ba3 15. Na4 Bxb2 16. Qxb2 b5 17. b4 Qd8 18. Nc5 Bf5 19. Rfd1 Kg8 20. Bf3 Be6
21. e4 h5 22. h3 Ra7 23. Qd4 Ra8 24. exd5 Bf5 25. d6 Rb8 26. Qe5 Bg6 27. d7 Kh7
28. Bc6 Qb6 29. Nb7 Nxd7 30. Rxd7 Rhe8 31. Qc5 Qxc5 32. bxc5 Re2 33. Bd5 Rf8
34. Nd6 f6 35. c6 Be8 36. Nxe8 Rfxe8 37. c7 1-0

[Event "DVM U14 2010"]
[Site "Magdeburg GER"]
[Date "2010.12.28"]
[Round "4"]
[White "Buchberger, Tamara"]
[Black "Kremer, Moritz"]
[Result "0-1"]
[Termination "normal"]
[Board "7.3"]
[WhiteElo "1236"]
[BlackElo "1582"]
[WhiteTeam "SK Kriegshaber"]
[BlackTeam "SV Mülheim Nord"]
[PlyCount "80"]
[BlackFideId "1270623"]
[EventCountry "GER"]
[EventRounds "7"]
[EventType "team-swiss"]
[EventDate "2010.12.26"]

1. e4 e5 2. Nf3 Nc6 3. Bc4 Bc5 4. c3 Nf6 5. d4 exd4 6. cxd4 Bb4+ 7. Nc3 Nxe4 8.
O-O Nxc3 9. Qe1+ Be7 10. bxc3 O-O 11. Qd2 d6 12. Rb1 Bf6 13. Bd3 Rb8 14. Qf4
Ne7 15. Ng5 Ng6 16. Qg3 h6 17. Bxg6 Bxg5 18. Bxg5 Qxg5 19. Be4 Qxg3 20. fxg3 b6
21. a3 Re8 22. Rf4 Bb7 23. d5 Re5 24. c4 Rbe8 25. Bf3 Re1+ 26. Rxe1 Rxe1+ 27.
Kf2 Ra1 28. Re4 Kf8 29. Re3 Ra2+ 30. Ke1 Bc8 31. h3 Rc2 32. Re4 Ba6 33. Be2 Rc3
34. Bg4 Rxc4 35. Rxc4 Bxc4 36. Bf3 Ke7 37. Kd2 Bb5 38. Kc3 a5 39. h4 g6 40. g4
Kd7 0-1

[Event "DVM U14 2010"]
[Site "Magdeburg GER"]
[Date "2010.12.28"]
[Round "4"]
[White "Vavro, Maximilian"]
[Black "Grabowski, Felix"]
[Result "1-0"]
[Termination "normal"]
[Board "7.4"]
[WhiteElo "1539"]
[BlackElo "1195"]
[WhiteTeam "SV Mülheim Nord"]
[BlackTeam "SK Kriegshaber"]
[PlyCount "105"]
[WhiteFideId "12918954"]
[EventCountry "GER"]
[EventRounds "7"]
[EventType "team-swiss"]
[EventDate "2010.12.26"]

1. c4 c5 2. Nc3 e6 3. g3 Nf6 4. Bg2 a6 5. e3 d6 6. d4 cxd4 7. exd4 Qc7 8. b3
Nbd7 9. Nge2 Be7 10. O-O O-O 11. Bb2 Rb8 12. a4 b6 13. d5 exd5 14. Nxd5 Nxd5
15. Bxd5 Nf6 16. Nc3 Bb7 17. Re1 Rfe8 18. Qf3 Bxd5 19. Nxd5 Nxd5 20. Qxd5 Qc5
21. Rad1 Qxd5 22. Rxd5 h6 23. Ba3 Rbd8 24. Bxd6 Bxd6 25. Rxe8+ Rxe8 26. Rxd6
Rb8 27. Kf1 Kf8 28. Ke2 Ke7 29. Rd4 g6 30. Kd3 Ke6 31. b4 Rc8 32. b5 axb5 33.
cxb5 Rc1 34. Rc4 Rd1+ 35. Ke2 Rd6 36. Ke3 f5 37. f4 Kd5 38. Rd4+ Kc5 39. Rxd6
Kxd6 40. Kd4 Ke6 41. Kc4 Kd6 42. Kb4 Kc7 43. a5 bxa5+ 44. Kxa5 Kb7 45. h4 h5
46. b6 Kb8 47. Ka6 Ka8 48. b7+ Kb8 49. Kb6 g5 50. fxg5 f4 51. g6 fxg3 52. g7 g2
53. g8=Q# 1-0

[Event "DVM U14 2010"]
[Site "Magdeburg GER"]
[Date "2010.12.28"]
[Round "4"]
[White "Deutsch, Julius"]
[Black "Beck, Oliver"]
[Result "0-1"]
[Termination "normal"]
[Board "8.2"]
[WhiteElo "1293"]
[BlackElo "1326"]
[WhiteTeam "SC Weiße Dame Ulm"]
[BlackTeam "Brackweder SK"]
[PlyCount "68"]
[BlackFideId "12927635"]
[EventCountry "GER"]
[EventRounds "7"]
[EventType "team-swiss"]
[EventDate "2010.12.26"]

1. d4 d5 2. c4 e6 3. Nc3 Nf6 4. Bg5 Nbd7 5. e3 Be7 6. Bd3 O-O 7. Qc2 b6 8. Nf3
Bb7 9. O-O-O Rc8 10. Kb1 c5 11. dxc5 bxc5 12. cxd5 exd5 13. Bf5 Ra8 14. e4 d4
15. Ne2 g6 16. e5 gxf5 17. exf6 Nxf6 18. Bxf6 Be4 19. Rd3 Bxd3 20. Qxd3 Bxf6
21. Qxf5 Qb6 22. Ng5 Bxg5 23. Qxg5+ Qg6+ 24. Qxg6+ hxg6 25. h4 Rfe8 26. Nf4 Re4
27. g3 Rd8 28. Kc2 c4 29. h5 g5 30. Ng2 Re2+ 31. Kd1 Rxf2 32. Ne1 Rxb2 33. h6
Kh7 34. Nf3 Rb1+ 0-1

[Event "DVM U14 2010"]
[Site "Magdeburg GER"]
[Date "2010.12.28"]
[Round "4"]
[White "Schmitt, Matthias"]
[Black "Kelemen, Alexander"]
[Result "0-1"]
[Termination "normal"]
[Board "8.3"]
[WhiteElo "1444"]
[BlackElo "1384"]
[WhiteTeam "Brackweder SK"]
[BlackTeam "SC Weiße Dame Ulm"]
[PlyCount "56"]
[WhiteFideId "12927643"]
[EventCountry "GER"]
[EventRounds "7"]
[EventType "team-swiss"]
[EventDate "2010.12.26"]

1. e4 c5 2. Nf3 e6 3. d4 cxd4 4. Nxd4 Nc6 5. Bc4 Nf6 6. Nc3 a6 7. Bg5 Be7 8.
O-O O-O 9. Re1 Qc7 10. Nxc6 Qxc6 11. Qd3 h6 12. Nd5 exd5 13. exd5 Qd6 14. Bh4
Bd8 15. a3 b5 16. Ba2 Bb7 17. Rad1 Bb6 18. Bg3 Qc5 19. b4 Qc8 20. Rc1 Re8 21.
Red1 Ne4 22. c4 Nxg3 23. Qxg3 bxc4 24. Bxc4 Qb8 25. d6 Qd8 26. Re1 Rc8 27. Qg4
Qg5 28. Qxd7 Qxg2# 0-1

[Event "DVM U14 2010"]
[Site "Magdeburg GER"]
[Date "2010.12.28"]
[Round "4"]
[White "Boeck, Anton"]
[Black "Hoffmann, Thiemo"]
[Result "0-1"]
[Termination "normal"]
[Board "8.4"]
[WhiteElo "1202"]
[BlackElo "1401"]
[WhiteTeam "SC Weiße Dame Ulm"]
[BlackTeam "Brackweder SK"]
[PlyCount "90"]
[EventCountry "GER"]
[EventRounds "7"]
[EventType "team-swiss"]
[EventDate "2010.12.26"]

1. e4 c5 2. Nf3 Nc6 3. d4 cxd4 4. Nxd4 Nf6 5. Nc3 d6 6. Bb5 Bd7 7. Nxc6 Bxc6 8.
Bxc6+ bxc6 9. O-O g6 10. Bg5 Bg7 11. Re1 Nd7 12. Qg4 O-O 13. Rad1 Re8 14. Rf1
Ne5 15. Qe2 Qb6 16. Na4 Qa5 17. b3 Nf3+ 18. Qxf3 Qxg5 19. Nc3 Qa5 20. Na4 Rad8
21. c4 Rf8 22. Rd3 f5 23. exf5 Rxf5 24. Qxc6 Rdf8 25. f3 Rh5 26. Rd5 Rxd5 27.
Qxd5+ Qxd5 28. cxd5 Rc8 29. Re1 Kf7 30. Re3 Bd4 31. Kf2 Bxe3+ 32. Kxe3 Rc2 33.
g4 Rxa2 34. Nc3 Ra3 35. Kf2 Rxb3 36. Ne4 Rd3 37. Ng5+ Kg7 38. Ne6+ Kf6 39. Nf4
Rd2+ 40. Kg3 a5 41. h4 a4 42. g5+ Kf5 43. Ng2 Rxg2+ 44. Kxg2 a3 45. Kg3 a2 0-1

[Event "DVM U14 2010"]
[Site "Magdeburg GER"]
[Date "2010.12.29"]
[Round "5"]
[White "Urban, Lars"]
[Black "Sawlin, Leonid"]
[Result "0-1"]
[Termination "normal"]
[Board "1.1"]
[WhiteElo "1881"]
[BlackElo "1940"]
[WhiteTeam "SV Empor Erfurt"]
[BlackTeam "TuS Makkabi Berlin"]
[PlyCount "90"]
[WhiteFideId "4644034"]
[BlackFideId "4689542"]
[EventCountry "GER"]
[EventRounds "7"]
[EventType "team-swiss"]
[EventDate "2010.12.26"]

1. d4 c5 2. d5 e5 3. e4 d6 4. Nc3 a6 5. a4 g6 6. h4 h5 7. Be2 Be7 8. Nf3 Nf6 9.
Ng5 Nh7 10. Nxh7 Rxh7 11. Be3 Bxh4 12. Qd2 Be7 13. b3 Nd7 14. O-O-O Nf6 15. f4
Ng4 16. Bxg4 Bxg4 17. fxe5 Bxd1 18. Rxd1 Qd7 19. exd6 Bxd6 20. Qf2 Qc7 21. Bg5
Kf8 22. Bf6 Re8 23. Rd3 c4 24. bxc4 Qxc4 25. Qb6 Be7 26. Bxe7+ Rxe7 27. d6 Rd7
28. Nd5 Qxa4 29. Rc3 Kg7 30. Rc7 Qa3+ 31. Kd2 Qxd6 32. Qb2+ Kh6 33. Rxb7 Rxb7
34. Qxb7 f5 35. Qb3 fxe4 36. Qe3+ g5 37. Qxe4 Rd7 38. c4 Qf4+ 39. Qxf4 gxf4 40.
Kc3 Kg5 41. Nb6 Re7 42. c5 h4 43. Nd5 Re8 44. c6 Rc8 45. Ne7 Rc7 0-1

[Event "DVM U14 2010"]
[Site "Magdeburg GER"]
[Date "2010.12.29"]
[Round "5"]
[White "Lagunow, Elina"]
[Black "Zahn, Alina"]
[Result "1/2-1/2"]
[Termination "normal"]
[Board "1.2"]
[WhiteElo "1759"]
[BlackElo "1584"]
[WhiteTeam "TuS Makkabi Berlin"]
[BlackTeam "SV Empor Erfurt"]
[PlyCount "84"]
[WhiteFideId "4673387"]
[BlackFideId "24696730"]
[EventCountry "GER"]
[EventRounds "7"]
[EventType "team-swiss"]
[EventDate "2010.12.26"]

1. e4 e5 2. Nf3 Nc6 3. Bc4 Bc5 4. c3 Nf6 5. d3 d6 6. Nbd2 a6 7. Bb3 O-O 8. O-O
h6 9. h3 Be6 10. Bc2 Ba7 11. Re1 Re8 12. Nf1 Ne7 13. d4 Ng6 14. Ng3 c6 15. Be3
Qc7 16. a4 a5 17. b4 axb4 18. cxb4 Bc4 19. Rc1 exd4 20. Bxd4 Bxd4 21. Qxd4 Be6
22. Red1 Rad8 23. Qc3 Nd7 24. Nd4 Nde5 25. f4 Nxf4 26. b5 Nfg6 27. Kh2 Rc8 28.
Bb3 Bxb3 29. Nxb3 Red8 30. Nd4 Kh7 31. Ndf5 Qb8 32. Qb4 d5 33. exd5 cxd5 34.
Rxc8 Qxc8 35. Nd6 Qc2 36. Rd2 Qc7 37. Rxd5 Nc4 38. Rc5 Qxd6 39. Rxc4 Qb8 40.
Qc3 h5 41. h4 Ne5 42. Qc2+ g6 1/2-1/2

[Event "DVM U14 2010"]
[Site "Magdeburg GER"]
[Date "2010.12.29"]
[Round "5"]
[White "Schneider, Jan"]
[Black "Lagunow, Raphael"]
[Result "1/2-1/2"]
[Termination "normal"]
[Board "1.3"]
[WhiteElo "1765"]
[BlackElo "1609"]
[WhiteTeam "SV Empor Erfurt"]
[BlackTeam "TuS Makkabi Berlin"]
[PlyCount "120"]
[WhiteFideId "24678716"]
[BlackFideId "24652644"]
[EventCountry "GER"]
[EventRounds "7"]
[EventType "team-swiss"]
[EventDate "2010.12.26"]

1. d4 Nf6 2. c4 c5 3. d5 b5 4. cxb5 a6 5. b6 d6 6. Nc3 g6 7. Nf3 Bg7 8. e4 Nbd7
9. Bd3 O-O 10. O-O Qxb6 11. Rb1 Ng4 12. h3 Nge5 13. Bf4 Nxf3+ 14. Qxf3 Ne5 15.
Qe3 Bd7 16. Be2 Bb5 17. Nxb5 axb5 18. b4 Rxa2 19. bxc5 Qxc5 20. Qxc5 dxc5 21.
Bxb5 c4 22. Bxe5 Bxe5 23. Bxc4 Rc2 24. Bd3 Rc5 25. Rfc1 Rfc8 26. Rxc5 Rxc5 27.
Kf1 Kg7 28. Ke2 Bd6 29. Ke3 g5 30. Kd4 Rc7 31. Rb5 f6 32. Bc4 Be5+ 33. Kd3 Bd6
34. f3 Ra7 35. Rb1 Ra3+ 36. Kd2 Bf4+ 37. Kc2 Be5 38. Kd2 Bf4+ 39. Ke2 Re3+ 40.
Kf2 Rc3 41. Be2 Be3+ 42. Kf1 Rc1+ 43. Rxc1 Bxc1 44. Kf2 Kg6 45. Bd3 Kg7 46. g3
h5 47. h4 Kf7 48. Bb5 Bd2 49. Ke2 Bc1 50. Kd1 Be3 51. Ke2 Bc1 52. Bd7 Kf8 53.
Bf5 Kg7 54. Kd1 Be3 55. Ke2 Bc1 56. Bd7 Kf8 57. Bf5 Kg7 58. Kd3 Kh6 59. Bd7
gxh4 60. gxh4 Bf4 1/2-1/2

[Event "DVM U14 2010"]
[Site "Magdeburg GER"]
[Date "2010.12.29"]
[Round "5"]
[White "Polutskyi, Sergii"]
[Black "Allin, Alexander"]
[Result "1-0"]
[Termination "normal"]
[Board "1.4"]
[WhiteElo "1754"]
[BlackElo "1613"]
[WhiteTeam "TuS Makkabi Berlin"]
[BlackTeam "SV Empor Erfurt"]
[PlyCount "71"]
[WhiteFideId "14129310"]
[BlackFideId "12903698"]
[EventCountry "GER"]
[EventRounds "7"]
[EventType "team-swiss"]
[EventDate "2010.12.26"]

1. d4 d5 2. c4 e6 3. Nc3 Nf6 4. Bg5 Nbd7 5. e3 Be7 6. Qc2 O-O 7. Nf3 Re8 8. Rd1
Nf8 9. Bd3 Ng6 10. O-O h6 11. Bxf6 Bxf6 12. cxd5 exd5 13. Bxg6 fxg6 14. Qxg6 c6
15. Ne2 Re7 16. Ng3 Re6 17. Nf5 Kh8 18. Qh5 Qf8 19. N3h4 Qe8 20. Ng6+ Kh7 21.
Nf4 Qxh5 22. Nxh5 Bg5 23. h4 Bd8 24. Nf4 Rf6 25. Ng3 Bc7 26. Nge2 Bg4 27. f3
Bd7 28. Kf2 Re8 29. g4 g5 30. hxg5 hxg5 31. Rh1+ Kg7 32. Nh5+ Kg6 33. Nxf6 Kxf6
34. Rh7 Ke6 35. Rdh1 Rg8 36. R1h6+ 1-0

[Event "DVM U14 2010"]
[Site "Magdeburg GER"]
[Date "2010.12.29"]
[Round "5"]
[White "Berkes, Alexander"]
[Black "Grötzbach, Julian"]
[Result "1/2-1/2"]
[Termination "normal"]
[Board "2.1"]
[WhiteElo "1842"]
[BlackElo "1879"]
[WhiteTeam "SK Langen"]
[BlackTeam "Hamburger SK von 1830"]
[PlyCount "69"]
[WhiteFideId "12901636"]
[BlackFideId "24600938"]
[EventCountry "GER"]
[EventRounds "7"]
[EventType "team-swiss"]
[EventDate "2010.12.26"]

1. e4 c5 2. Nf3 d6 3. d4 cxd4 4. Nxd4 Nf6 5. Nc3 a6 6. Bc4 e6 7. f3 b5 8. Bb3
Nbd7 9. O-O Nc5 10. Be3 Bb7 11. Qe2 Be7 12. Rad1 Qc7 13. a4 Nxb3 14. cxb3 b4
15. Na2 d5 16. Rc1 Qe5 17. Qd2 dxe4 18. Bf4 e3 19. Qxe3 Qxe3+ 20. Bxe3 Nd5 21.
Bd2 Kd7 22. Rc2 Bf6 23. Ne2 a5 24. Nac1 Rac8 25. Rxc8 Rxc8 26. Nd3 Ba6 27. Nef4
Nxf4 28. Bxf4 Ke7 29. Rd1 Rd8 30. Nf2 Bd4 31. Rc1 e5 32. Bg3 Bxb2 33. Rc7+ Rd7
34. Rc5 Rd2 35. h3 1/2-1/2

[Event "DVM U14 2010"]
[Site "Magdeburg GER"]
[Date "2010.12.29"]
[Round "5"]
[White "Grötzbach, Daniel"]
[Black "Franz, Attila"]
[Result "1/2-1/2"]
[Termination "normal"]
[Board "2.2"]
[WhiteElo "1775"]
[BlackElo "1546"]
[WhiteTeam "Hamburger SK von 1830"]
[BlackTeam "SK Langen"]
[PlyCount "85"]
[WhiteFideId "24692166"]
[BlackFideId "12927570"]
[EventCountry "GER"]
[EventRounds "7"]
[EventType "team-swiss"]
[EventDate "2010.12.26"]

1. e4 e5 2. Nf3 d6 3. d4 exd4 4. Nxd4 Nf6 5. Nc3 Be7 6. f3 Bd7 7. Be3 Nc6 8.
Qd2 a6 9. Be2 Rb8 10. O-O O-O 11. Kh1 Re8 12. Rf2 Ne5 13. Rg1 h6 14. g4 Ng6 15.
Nf5 Bf8 16. h4 Ne7 17. g5 hxg5 18. hxg5 Nh7 19. Nxe7+ Qxe7 20. Nd5 Qd8 21. Rh2
g6 22. Rxh7 Kxh7 23. Nf6+ Kg7 24. Qd4 Re5 25. f4 c5 26. Qc3 Qc7 27. fxe5 dxe5
28. Nxd7 Qxd7 29. Qxe5+ Kg8 30. Qxb8 Qh3+ 31. Qh2 Qxe3 32. Qg2 Qf4 33. Rf1 Qh4+
34. Kg1 c4 35. Bxc4 Bc5+ 36. Rf2 Bxf2+ 37. Qxf2 Qxg5+ 38. Qg2 Qc5+ 39. Kh1 Qxc4
40. b3 Qd4 41. a4 Qe3 42. Kh2 Qf4+ 43. Kg1 1/2-1/2

[Event "DVM U14 2010"]
[Site "Magdeburg GER"]
[Date "2010.12.29"]
[Round "5"]
[White "Bingert, Tim Niklas"]
[Black "Kramer, Julian"]
[Result "0-1"]
[Termination "normal"]
[Board "2.3"]
[WhiteElo "1761"]
[BlackElo "1816"]
[WhiteTeam "SK Langen"]
[BlackTeam "Hamburger SK von 1830"]
[PlyCount "98"]
[WhiteFideId "12917907"]
[BlackFideId "12921742"]
[EventCountry "GER"]
[EventRounds "7"]
[EventType "team-swiss"]
[EventDate "2010.12.26"]

1. e4 c5 2. Nf3 d6 3. d4 cxd4 4. Nxd4 Nf6 5. Nc3 a6 6. Be2 e6 7. Be3 Qc7 8. O-O
Be7 9. f3 Nbd7 10. Qd2 O-O 11. Rad1 b6 12. Bd3 Bb7 13. Rfe1 d5 14. exd5 Nxd5
15. Nxd5 Bxd5 16. c4 Bb7 17. Ne2 Nc5 18. Bb1 Rfd8 19. Qc2 g6 20. Bf4 e5 21. Bg3
f5 22. Nc3 Bf6 23. Nd5 Bxd5 24. cxd5 Qg7 25. b4 Nb7 26. Qc6 Rd6 27. Qc4 b5 28.
Qb3 Rd7 29. a3 Nd6 30. Ba2 Rc8 31. Rc1 Rdc7 32. Rc6 Rxc6 33. dxc6+ Nc4 34. Qd3
f4 35. Bxc4+ bxc4 36. Qxc4+ Qf7 37. Qxa6 Qe6 38. Bf2 Rxc6 39. Qd3 Rd6 40. Qb1
Rd2 41. b5 Qd5 42. b6 Rxf2 43. Kxf2 Bh4+ 44. g3 Qd4+ 45. Kg2 Qd2+ 46. Kh3 fxg3
47. hxg3 Qf2 48. Kxh4 Qh2+ 49. Kg5 Kg7 0-1

[Event "DVM U14 2010"]
[Site "Magdeburg GER"]
[Date "2010.12.29"]
[Round "5"]
[White "Sander, Jean Louis"]
[Black "Anders, Eric"]
[Result "1-0"]
[Termination "normal"]
[Board "2.4"]
[WhiteElo "1822"]
[BlackElo "1710"]
[WhiteTeam "Hamburger SK von 1830"]
[BlackTeam "SK Langen"]
[PlyCount "137"]
[WhiteFideId "12903280"]
[BlackFideId "1272110"]
[EventCountry "GER"]
[EventRounds "7"]
[EventType "team-swiss"]
[EventDate "2010.12.26"]

1. e4 e5 2. Nf3 Nc6 3. d4 exd4 4. Nxd4 Bc5 5. Nxc6 bxc6 6. Nc3 d6 7. Bc4 Nf6 8.
O-O O-O 9. Bg5 h6 10. Bh4 Be6 11. Bb3 Re8 12. Qf3 Bd4 13. Rfe1 Qc8 14. Ba4 Qa6
15. Qd3 Qxd3 16. cxd3 Bd7 17. Rac1 Rab8 18. Re2 c5 19. Bxf6 Bxa4 20. Bxd4 Rb4
21. Be3 Bd7 22. Nd5 Rb7 23. f3 c6 24. Nc3 Be6 25. e5 dxe5 26. Bxc5 Rd8 27. Rd1
a6 28. b3 f6 29. f4 Bg4 30. fxe5 Bxe2 31. Nxe2 fxe5 32. Kf2 Rb5 33. b4 a5 34.
Nc3 Rb7 35. bxa5 Rb2+ 36. Ne2 Rd5 37. Bb6 Rxa2 38. Ke3 Rd7 39. Rc1 Rd6 40. Rc5
Re6 41. Bc7 Rb2 42. Rxe5 Kf7 43. Rxe6 Kxe6 44. Bb6 Ra2 45. d4 g5 46. Kf3 h5 47.
h3 Ra3+ 48. Kf2 Ra2 49. Ke3 Ra3+ 50. Kd2 Kf5 51. Nc3 g4 52. Kc2 Ra1 53. hxg4+
Kxg4 54. Bc7 h4 55. Kb2 Re1 56. a6 Re8 57. a7 Ra8 58. Bb8 Kf5 59. Kb3 Ke6 60.
Kc4 Ke7 61. Kc5 Kd7 62. Na4 Kc8 63. Kxc6 Kd8 64. Nb6 Rxa7 65. Bxa7 Ke8 66. d5
Kf8 67. d6 Ke8 68. d7+ Kd8 69. Nd5 1-0

[Event "DVM U14 2010"]
[Site "Magdeburg GER"]
[Date "2010.12.29"]
[Round "5"]
[White "Neef, Maximilian"]
[Black "Kulok, Solomon"]
[Result "1-0"]
[Termination "normal"]
[Board "3.1"]
[WhiteElo "2003"]
[BlackElo "1638"]
[WhiteTeam "USV TU Dresden"]
[BlackTeam "Noris-Tarrasch Nürnberg"]
[PlyCount "137"]
[WhiteFideId "24692085"]
[BlackFideId "24652210"]
[EventCountry "GER"]
[EventRounds "7"]
[EventType "team-swiss"]
[EventDate "2010.12.26"]

1. Nf3 Nf6 2. c4 g6 3. Nc3 Bg7 4. e4 d6 5. d4 O-O 6. h3 Nbd7 7. Bg5 e5 8. d5 a6
9. Be2 Qe8 10. Nd2 Kh8 11. g4 Ng8 12. Be3 Ne7 13. Qc2 f5 14. f3 Nf6 15. O-O-O
f4 16. Bf2 Kg8 17. Kb1 b6 18. Ka1 Nd7 19. Rb1 Bb7 20. h4 h6 21. h5 g5 22. Nb3
Qb8 23. Nc1 Rd8 24. Nd3 Nc5 25. Rhc1 Nxd3 26. Qxd3 Bc8 27. Bd1 Bd7 28. Ba4 Bxa4
29. Nxa4 Nc8 30. Nc3 Bf6 31. a3 Rd7 32. Qc2 Kf8 33. Qa4 Rf7 34. b4 Bd8 35. Rc2
Qb7 36. c5 b5 37. Qb3 Na7 38. Rbc1 Ke8 39. Kb2 Kf8 40. Nb1 Ke8 41. Nd2 Kf8 42.
Qd3 Ke8 43. Nb3 Qb8 44. Na5 Kf8 45. Rc3 Kg7 46. R1c2 Kh7 47. Ka2 Kg7 48. Qd1
Kf8 49. Qg1 Ke8 50. Kb3 Rg7 51. Qd1 Rf7 52. Nc6 Nxc6 53. dxc6 Be7 54. Qd5 Kf8
55. cxd6 Bxd6 56. Bc5 Bxc5 57. Qxc5+ Re7 58. Rd2 Qa7 59. Rd8+ Kf7 60. Rcd3 Qxc5
61. bxc5 Rxd8 62. Rxd8 a5 63. a4 b4 64. Ra8 Re6 65. Rxa5 Rxc6 66. Kxb4 Ke7 67.
Kb5 Kd7 68. Ra8 Re6 69. a5 1-0

[Event "DVM U14 2010"]
[Site "Magdeburg GER"]
[Date "2010.12.29"]
[Round "5"]
[White "Myagkov, Kirill"]
[Black "Teich, Thomas"]
[Result "1-0"]
[Termination "normal"]
[Board "3.2"]
[WhiteElo "1829"]
[BlackElo "1629"]
[WhiteTeam "Noris-Tarrasch Nürnberg"]
[BlackTeam "USV TU Dresden"]
[PlyCount "33"]
[WhiteFideId "24657042"]
[EventCountry "GER"]
[EventRounds "7"]
[EventType "team-swiss"]
[EventDate "2010.12.26"]

1. e4 e6 2. f4 d5 3. e5 b6 4. d4 c5 5. c3 Ne7 6. Nf3 Nf5 7. Be2 Ba6 8. Bxa6
Nxa6 9. Qa4+ Qd7 10. Qxa6 c4 11. Na3 Kd8 12. Nb5 Be7 13. a4 Qc6 14. a5 Kd7 15.
Nxa7 Bd8 16. Nxc6 Rxa6 17. Nb8+ 1-0